Does Every Continent Have...? - Statistics

General Stats
  • This quiz has been taken 29 times
  • The average score is 11 of 15
Answer Stats
Question Answer % Correct
Does every continent have a majority Muslim country? No
100%
Does every continent have territory along the equator? No
96%
Does every continent have a landlocked country? No
96%
Does every continent have a majority Christian country? Yes
96%
Does every continent have a country that starts with the letter A? Yes
93%
Does every continent have an island country? No
86%
Does every continent have a country with multiple words? No
82%
Does every continent have under 50 countries? No
82%
Does every continent have a country with a red, white and blue flag? Yes
75%
Does every continent have a country that starts and ends with the same letter? Yes
71%
Does every continent have a country exactly four letters long? No
64%
Does every continent have a country that ends in IA? Yes
54%
Does every continent have a country with a red and white flag? Yes
43%
Does every continent have a country that contains the letter Z? Yes
39%
Does every continent have a country with a GDP of over $1 trillion? Yes
18%
No matching quizzes found
Score Distribution
Percent of People with Each Score
Percentile by Number Answered
Your Score History
You have not taken this quiz